00485nam a2200157Ia 450000500170000000800410001708200130005810000210007124500270009226000520011930000120017150000240018394200060020795200990021399900150031220250318055030.0240331s9999 xx 000 0 und d bKOTa894 aKothandaraman, P 0aUlaga navl iIllakkiyam aChennaibnewcentuary book house (Pvt) Ltdc1990 a71 p ., aNavalum Ilakkiyamum cL 001040708LaWERCLbWERCLcSSCd2024-03-31l0o 894.811 KOTp1418r2024-03-31w2024-03-31yL c4194d4194